000 00613nam a2200229Ia 4500
003 OSt
005 20220928102054.0
006 a|||||r|||| 00| 0
007 ta
008 220927b |||||||| |||| 00| 0 eng d
024 _a55482
037 _cTextual
040 _aSDCL
_cSDCL
_beng
041 _2eng
_aeng
082 _aO152,3N26:g, M5
100 _aVyas Ram Sukh
_9396384
245 0 _aDharamveer Bharti ka rachana sansar.
260 _aBikaner
_bChayan Prakashan
_c1985
300 _a140p
_ccm.
942 _hO152,3N26:g, M5
_cTEXL
_2CC
999 _c712109
_d712109